Popes By Letter Quiz Stats

 Plays Quiz Updated Aug 25, 2014

Support Sporcle.
Go Orange.
Score 0/20 Timer 06:00
0 Plays Today
Begins with... Pope's Name % Correct
JJohn, John Paul, Julius
94.8%
PPaschal, Paul, Pelagius, Peter, Pius, Pontian
94.6%
BBenedict, Boniface
83.3%
FFabian, Felix, Formosus, Francis
80.8%
LLando, Leo, Liberius, Linus, Lucius
72.8%
UUrban
67%
GGaius, Gelasius, Gregory
61.3%
MMarcellinus, Marcellus, Mark, Marinus, Martin, Miltiades
59.1%
SSabinianus, Sergius, Severinus, Silverius, Simplicius, Siricius, Sisinnius, Sixtus, Soter, Stephen, Sylvester, Symmachus
58.1%
IInnocent
57.8%
Begins with... Pope's Name % Correct
AAdeodatus, Adrian, Agapetus, Agatho, Alexander, Anacletus, Anastasius, Anicetus, Anterus
54.9%
CCaius, Callistus, Celestine, Clement, Cletus, Conon, Constantine, Cornelius
52%
VValentine, Victor, Vigilius, Vitalian
50.6%
ZZachary, Zephyrinus, Zosimus
43%
NNicholas
34.1%
TTelesphorus, Theodore
28.5%
HHilarius, Honorius, Hormisdas, Hyginus
28.2%
EEleutherius, Eugene, Eusebius, Eutychianus, Evaristus
23.3%
DDamasus, Deusdedit, Dionysius, Donus
21.8%
RRomanus
16%

You're not logged in!

Compare scores with friends on all Sporcle quizzes.
OR
Log In

From the Vault

'T' Celebrity Images

by sproutcm

Whoever left T-Pain off this quiz is really disappointing us right now.
Remove Ads.
Support Sporcle.
Get the best of Sporcle when you Go Orange. This ad-free experience offers more features, more stats, and more fun while also helping to support Sporcle. Thank you for becoming a member.

Show Comments

Extras

Top Quizzes Today


Score Distribution

Your Account Isn't Verified!

In order to create a playlist on Sporcle, you need to verify the email address you used during registration. Go to your Sporcle Settings to finish the process.

Report this User

Report this user for behavior that violates our Community Guidelines.

Details: